00542nam a2200181 i 4500001001100000003000500011005001700016008004100033040002500074082001200099245004300111264007600154300002300230336002100253337002500274338002300299650003800322C2-0236985PPAK20180727200624.0011027s2000 my |||| ||||| | may d aPPAKbengcPPAKerda04a32022300aPolitik (Keratan Akhbar Koleksi Kedah) 1aAlor Setar, Kedah : bPerbadanan Perpustakaan Awam Kedah , c2000 (Mei) a85 pages ; c33 cm 2rdacontentatext 2rdamediaaunmediated 2rdacarrieravolume10aMalaysia- Politics and government